[Event "Let's Play Chess!"]
[Site "http://www.queenalice.com/game.php?id=1850983"]
[Date "2025.1.28"]
[Round "-"]
[White "Scar"]
[Black "himuro"]
[Result "1-0"]
[WhiteElo "1730"]
[BlackElo "1100"]

1. e4 c5 2. c3 Nc6 3. d4 e6 4. Be3 cxd4 5. cxd4 g6 6. Bd3 Bg7 7. Ne2 Nge7 8.
Nbc3 O-O 9. O-O d5 10. e5 f6 11. f4 Nf5 12. Bxf5 exf5 13. a3 fxe5 14. dxe5 Be6
15. Nd4 Nxd4 16. Qxd4 b6 17. Nb5 a6 18. Nd6 Qxd6 19. exd6 Bxd4 20. Bxd4 1-0

[Event "Let's Play Chess!"]
[Site "http://www.queenalice.com/game.php?id=1851131"]
[Date "2025.1.28"]
[Round "-"]
[White "Quique68"]
[Black "himuro"]
[Result "1-0"]
[WhiteElo "1844"]
[BlackElo "1100"]

1. d4 d5 2. c4 Nf6 3. cxd5 Nxd5 4. e4 Nf6 5. e5 Nd5 6. Bc4 e6 7. Nf3 Nc6 8. Bd2
Be7 9. Nc3 O-O 10. Rc1 Ncb4 11. a3 Nxc3 12. Bxc3 Nd5 13. Bd2 c6 14. O-O 1-0

[Event "Let's Play Chess!"]
[Site "http://www.queenalice.com/game.php?id=1851132"]
[Date "2025.1.28"]
[Round "-"]
[White "himuro"]
[Black "Quique68"]
[Result "0-1"]
[WhiteElo "1100"]
[BlackElo "1844"]

1. d4 d5 2. e3 e6 3. Bd3 c5 4. c3 Nc6 5. f4 Nf6 6. Nf3 Be7 7. O-O O-O 8. Ne5 Nd7
9. Rf3 f5 10. Rh3 Nf6 11. Nd2 Nxe5 12. fxe5 Ne4 13. Qh5 h6 0-1

[Event "Let's Play Chess!"]
[Site "http://www.queenalice.com/game.php?id=1851160"]
[Date "2025.1.28"]
[Round "-"]
[White "igor12345"]
[Black "himuro"]
[Result "1-0"]
[WhiteElo "2000"]
[BlackElo "1100"]

1. e4 c5 2. Nf3 Nc6 3. Nc3 d6 4. d4 cxd4 5. Nxd4 Nf6 6. b3 g6 7. Bb2 Bg7 8. Rb1
O-O 9. a4 a6 10. Bc4 Na5 11. Be2 e5 12. Nf3 Bg4 13. O-O Qc7 14. h3 Be6 15. Bd3
Rfd8 16. Qe2 d5 17. exd5 Nxd5 18. Nxd5 Bxd5 19. Bxe5 Bxf3 20. Bxc7 Bxe2 21. Bxe2
Rd5 22. Bf3 Rc5 23. Bb6 Rg5 24. Bxa5 1-0

[Event "Let's Play Chess!"]
[Site "http://www.queenalice.com/game.php?id=1851161"]
[Date "2025.1.28"]
[Round "-"]
[White "himuro"]
[Black "igor12345"]
[Result "0-1"]
[WhiteElo "1040"]
[BlackElo "2008"]

1. c4 e5 2. Nc3 Nf6 3. g3 Nc6 4. Bg2 a6 5. e3 Bc5 6. Nge2 O-O 7. O-O d6 8. d4
exd4 9. exd4 Ba7 10. Bg5 h6 11. Bxf6 Qxf6 12. Nd5 Qd8 13. Re1 Rb8 14. Nef4 Bxd4
15. Rb1 Ba7 16. Qc2 Ne5 17. Nd3 Ng6 18. Be4 c6 19. N5f4 Ne5 20. Nxe5 dxe5 21.
Nd3 f5 22. Bg2 e4 23. Nf4 Qe7 0-1

[Event "Let's Play Chess!"]
[Site "http://www.queenalice.com/game.php?id=1851162"]
[Date "2025.1.28"]
[Round "-"]
[White "igor12345"]
[Black "himuro"]
[Result "1-0"]
[WhiteElo "1996"]
[BlackElo "1100"]

1. e4 c5 2. Nf3 Nc6 3. d4 cxd4 4. Nxd4 Nf6 5. Nc3 g6 6. Bc4 Bg7 7. O-O O-O 8. a3
a6 9. Nde2 e6 10. Bg5 Qc7 11. Bf4 Qb6 12. Bb3 Na5 13. Qd6 Qxd6 14. Bxd6 Re8 15.
Ba2 b5 16. f3 Nc4 17. Bxc4 bxc4 18. Rab1 Bb7 19. Na4 Bc6 20. Nb6 Ra7 21. Nxc4
Bb5 22. b3 1-0

[Event "Let's Play Chess!"]
[Site "http://www.queenalice.com/game.php?id=1851163"]
[Date "2025.1.28"]
[Round "-"]
[White "himuro"]
[Black "igor12345"]
[Result "0-1"]
[WhiteElo "1100"]
[BlackElo "1998"]

1. c4 e5 2. Nc3 Nf6 3. g3 Nc6 4. Bg2 Bc5 5. e3 a6 6. Nge2 b6 7. O-O O-O 8. d4
Bb4 9. a3 Bxc3 10. Nxc3 Rb8 11. d5 Na5 12. b3 d6 13. Bd2 Bg4 14. f3 Bf5 15. f4
e4 16. Ne2 Nb7 17. Nd4 Bd7 18. b4 b5 19. cxb5 axb5 20. Qc2 Re8 21. Rac1 Nxd5 0-1

[Event "Let's Play Chess!"]
[Site "http://www.queenalice.com/game.php?id=1851201"]
[Date "2025.1.30"]
[Round "-"]
[White "himuro"]
[Black "Capixaba789"]
[Result "0-1"]
[WhiteElo "1100"]
[BlackElo "1972"]

1. d4 e5 2. e4 exd4 3. Qxd4 d6 4. Nc3 Nc6 5. Qd1 Bd7 6. Bc4 Nf6 7. Nf3 Be7 8.
O-O O-O 9. Bg5 Ne5 10. Nxe5 dxe5 11. f4 exf4 12. Rxf4 h6 13. Bxf6 Bxf6 14. Nd5
Bxb2 15. Rb1 Be5 16. Rf1 Qh4 17. h3 Qg3 18. Rf3 Qh2+ 0-1